000
00221nam a22000857a 4500
001
1236343
005
20251001162327.0
245
_a
GELECEĞİ GÖRME ORTAKLIĞI
_c
TOLGA GÜMÜŞAY
260
_b
GÜNIŞIĞI KİTAPLIĞI YAYINLARI
999
_c
1236343
_d
1236343